[Event "EU-ch 21st"]
[Site "Reykjavik"]
[Date "2021.09.04"]
[Round "10"]
[White "Thorhallsson, Simon"]
[Black "Kueng, Nicolas"]
[Result "1-0"]
[WhiteElo "2199"]
[BlackElo "2005"]
[PlyCount "77"]
[EventDate "2021.08.26"]
[EventType "swiss"]
[EventRounds "11"]
[EventCountry "ISL"]
[SourceTitle "CBM 204"]
[Source "ChessBase"]
[SourceDate "2021.10.31"]
[SourceVersion "1"]
[SourceVersionDate "2021.10.31"]
[SourceQuality "1"]

1. d4 Nf6 2. c4 g6 3. Nc3 Bg7 4. Nf3 0-0 5. Bg5 d6 6. e3 c5 7. d5 h6 8. Bh4 g5 9. Bg3 Nh5 10. Bd3 f5 11. Nd2 Nxg3 12. hxg3 Qe8 13. Qc2 Na6 14. a3 Nc7 15. 0-0-0 a6 16. f4 b5 17. fxg5 b4 18. axb4 cxb4 19. Ne2 b3 20. Nxb3 Rb8 21. Nbd4 Bd7 22. Nc3 e6 23. dxe6 Bxe6 24. Rde1 Rb4 25. Nxf5 Bxf5 26. Bxf5 Rxc4 27. Bd3 Rc5 28. Qb3+ Kh8 29. Kb1 Qa8 30. Rxh6+ Bxh6 31. Rh1 Rxg5 32. Rxh6+ Kg7 33. Rh7+ Kf6 34. Ne4+ Qxe4 35. Bxe4 Rb5 36. Qd1 Ke6 37. Bc6 Rfb8 38. Bxb5 Rxb5 39. Qg4+ 1-0

[Event "EU-ch 21st"]
[Site "Reykjavik"]
[Date "2021.09.02"]
[Round "8"]
[White "Papidakis, Georgios"]
[Black "Kueng, Nicolas"]
[Result "1-0"]
[WhiteElo "2228"]
[BlackElo "2005"]
[PlyCount "71"]
[EventDate "2021.08.26"]
[EventType "swiss"]
[EventRounds "11"]
[EventCountry "ISL"]
[SourceTitle "CBM 204"]
[Source "ChessBase"]
[SourceDate "2021.10.31"]
[SourceVersion "1"]
[SourceVersionDate "2021.10.31"]
[SourceQuality "1"]

1. d4 Nf6 2. c4 g6 3. Nc3 Bg7 4. e4 d6 5. Be2 0-0 6. Bg5 c5 7. dxc5 Qa5 8. Bd2 Qxc5 9. Nf3 Ng4 10. 0-0 Ne5 11. Nxe5 Qxe5 12. Be3 Nc6 13. Rc1 f5 14. exf5 Bxf5 15. Re1 Qa5 16. Qd2 Rac8 17. b3 a6 18. Red1 Kh8 19. Bd3 Bxd3 20. Qxd3 Rf7 21. a4 Ne5 22. Qe4 Qb4 23. f4 Nc6 24. Nd5 Qxb3 25. Rb1 Qa3 26. Rxb7 Na5 27. Nxe7 Qxa4 28. Rdb1 Nxb7 29. Nxc8 Nc5 30. Qd5 Qe8 31. Bxc5 dxc5 32. Nd6 Qe3+ 33. Kh1 Rxf4 34. Nf7+ Rxf7 35. Qxf7 h6 36. Rb8+ 1-0

[Event "EU-ch 21st"]
[Site "Reykjavik"]
[Date "2021.09.01"]
[Round "7"]
[White "Kueng, Nicolas"]
[Black "Samadov, Read"]
[Result "0-1"]
[WhiteElo "2005"]
[BlackElo "2360"]
[PlyCount "118"]
[EventDate "2021.08.26"]
[EventType "swiss"]
[EventRounds "11"]
[EventCountry "ISL"]
[SourceTitle "CBM 204"]
[Source "ChessBase"]
[SourceDate "2021.10.31"]
[SourceVersion "1"]
[SourceVersionDate "2021.10.31"]
[SourceQuality "1"]

1. d4 Nf6 2. c4 e6 3. Nc3 Bb4 4. Qc2 d5 5. cxd5 exd5 6. Bg5 h6 7. Bh4 0-0 8. e3 c5 9. dxc5 Nbd7 10. a3 Bxc3+ 11. Qxc3 g5 12. Bg3 Ne4 13. Qc2 Qf6 14. Nf3 Ndxc5 15. Be5 Qe7 16. b4 Nd7 17. Bb2 a5 18. b5 Ndf6 19. Bd3 Bg4 20. Rc1 Rac8 21. Qb1 Rxc1+ 22. Qxc1 Rc8 23. Qa1 Nc5 24. Bc2 Nce4 25. Nd4 Bd7 26. 0-0 Ng4 27. Bd1 Nd2 28. Bxg4 Bxg4 29. Re1 Nc4 30. Bc1 Bd7 31. Qa2 a4 32. Qc2 Ne5 33. Qd2 Nc4 34. Qd1 Nxa3 35. Qxa4 Nc4 36. Qa7 Bxb5 37. Nf5 Qe6 38. Qxb7 Qxf5 39. Qxb5 Nd6 40. Qa6 Rc2 41. f3 Qe5 42. Qd3 Rc3 43. Qe2 Nc4 44. Bb2 Nxb2 45. Qxb2 d4 46. e4 Qc5 47. Rd1 Qc4 48. Qb8+ Kh7 49. Qe5 Rc1 50. Rxc1 Qxc1+ 51. Kf2 Qd2+ 52. Kg3 Qe1+ 53. Kg4 Qh4+ 54. Kf5 d3 55. g4 Qf2 56. Kf6 Qb6+ 57. Kxf7 Qg6+ 58. Kf8 Qg8+ 59. Ke7 Qg7+ 0-1

[Event "EU-ch 21st"]
[Site "Reykjavik"]
[Date "2021.08.28"]
[Round "3"]
[White "Kueng, Nicolas"]
[Black "Unuk, Laura"]
[Result "0-1"]
[WhiteElo "2005"]
[BlackElo "2407"]
[PlyCount "84"]
[EventDate "2021.08.26"]
[EventType "swiss"]
[EventRounds "11"]
[EventCountry "ISL"]
[SourceTitle "CBM 204"]
[Source "ChessBase"]
[SourceDate "2021.10.31"]
[SourceVersion "1"]
[SourceVersionDate "2021.10.31"]
[SourceQuality "1"]

1. d4 Nf6 2. c4 e6 3. Nc3 Bb4 4. Qc2 0-0 5. Nf3 d5 6. cxd5 exd5 7. Bg5 c6 8. e3 h6 9. Bh4 Re8 10. Bd3 Nbd7 11. 0-0 a5 12. a3 Be7 13. Bg3 Nf8 14. h3 Be6 15. Ne5 N6d7 16. f4 f6 17. Ng6 Bd6 18. Qf2 Nxg6 19. Bxg6 Bf7 20. Bxf7+ Kxf7 21. f5 Nb6 22. Rae1 Nc4 23. Kh1 Qc7 24. Bxd6 Nxd6 25. Qf4 Rac8 26. Qg4 Kf8 27. Ne2 Kg8 28. Nf4 Re4 29. Qh5 Qf7 30. Ng6 Rce8 31. Qd1 Rxe3 32. Rxe3 Rxe3 33. Qc1 Re8 34. Qc2 Re4 35. g4 Nc4 36. Rf3 Qc7 37. b3 Re1+ 38. Kg2 Ne3+ 39. Rxe3 Rxe3 40. Qf2 Re4 41. b4 axb4 42. axb4 Qb6 0-1

[Event "Biel HTO 54th"]
[Site "Biel"]
[Date "2021.07.30"]
[Round "5"]
[White "Kueng, Nicolas"]
[Black "Rakhmangulova, Anastasiya"]
[Result "1-0"]
[WhiteElo "2005"]
[BlackElo "2167"]
[PlyCount "71"]
[EventDate "2021.07.26"]
[EventType "swiss"]
[EventRounds "9"]
[EventCountry "SUI"]
[SourceTitle "CBM 203 Extra"]
[Source "ChessBase"]
[SourceDate "2021.09.30"]
[SourceVersion "1"]
[SourceVersionDate "2021.09.30"]
[SourceQuality "1"]

1. d4 Nf6 2. c4 g6 3. Nc3 Bg7 4. e4 d6 5. Be2 0-0 6. Be3 c5 7. d5 Na6 8. Nf3 Nc7 9. h3 a6 10. a4 b6 11. 0-0 Bb7 12. Qc2 e6 13. a5 exd5 14. axb6 Nce8 15. cxd5 Nd7 16. Bg5 Nef6 17. Ra3 Qxb6 18. Nd2 Qc7 19. Rfa1 Nb8 20. Nc4 Ne8 21. Qd2 Bc8 22. e5 f6 23. exd6 Qd8 24. Be3 Nd7 25. Ne4 f5 26. Ng5 Ne5 27. Ne6 Nxc4 28. Bxc4 Qh4 29. Bxa6 Nxd6 30. Nxf8 Ne4 31. Qe2 Bxa6 32. Rxa6 Rxf8 33. Ra8 f4 34. Rxf8+ Bxf8 35. Bc1 Ng5 36. Qg4 1-0

[Event "Biel HTO 54th"]
[Site "Biel"]
[Date "2021.07.28"]
[Round "3"]
[White "Kueng, Nicolas"]
[Black "Vignesh, NR."]
[Result "0-1"]
[WhiteElo "2005"]
[BlackElo "2428"]
[PlyCount "144"]
[EventDate "2021.07.26"]
[EventType "swiss"]
[EventRounds "9"]
[EventCountry "SUI"]
[SourceTitle "CBM 203 Extra"]
[Source "ChessBase"]
[SourceDate "2021.09.30"]
[SourceVersion "1"]
[SourceVersionDate "2021.09.30"]
[SourceQuality "1"]

1. d4 Nf6 2. c4 e6 3. Nc3 Bb4 4. Qc2 0-0 5. Nf3 d6 6. Bg5 Nbd7 7. e3 b6 8. Be2 Bb7 9. a3 Bxc3+ 10. Qxc3 c5 11. Nd2 h6 12. Bxf6 Qxf6 13. 0-0 Rac8 14. Rac1 cxd4 15. Qxd4 Qxd4 16. exd4 d5 17. Rfd1 Ba6 18. Kf1 dxc4 19. Nxc4 Nf6 20. Nd6 Bxe2+ 21. Kxe2 Rcd8 22. Nb5 Rd7 23. Rd2 Rfd8 24. Rcd1 Nd5 25. Nc3 Ne7 26. f4 f6 27. Kf3 g5 28. g3 Kf7 29. h3 gxf4 30. gxf4 Rg8 31. Rd3 Ng6 32. Ne2 Nh4+ 33. Kf2 Rg2+ 34. Kf1 Rh2 35. R1d2 Rd8 36. Rc2 Rd7 37. Rcd2 Rc7 38. Kg1 Rg2+ 39. Kf1 Rc4 40. b3 Rc8 41. d5 exd5 42. Rxd5 Rh2 43. Rd7+ Kg8 44. Rd8+ Rxd8 45. Rxd8+ Kf7 46. Rd7+ Kg6 47. Rxa7 Rxh3 48. b4 Rf3+ 49. Kg1 Nf5 50. Kg2 Rb3 51. Ra6 Ne3+ 52. Kf2 Nc4 53. Ra7 Rxa3 54. Rc7 Nb2 55. Rc6 Nd3+ 56. Kg2 Nxb4 57. Rxb6 Nd5 58. Rb5 Rd3 59. Kf2 h5 60. Rb8 Ne7 61. Rh8 Nf5 62. Rg8+ Kh7 63. Ra8 h4 64. Ra7+ Kg6 65. Ra8 Nh6 66. Ng1 Ng4+ 67. Ke2 Re3+ 68. Kd2 Rg3 69. Ne2 Rg2 70. Rh8 Nh6 71. Ke1 h3 72. Kf1 Rxe2 0-1